Statistics for "Ologies" Quiz

Click here to take the quiz!

General Stats

  • This quiz has been taken 83,582 times
    (73,721 since last reset)
  • The average score is 12 of 23

Answer Stats

Study of..Ology% Correct
Life{Bio}logy
91%
Horoscopes{Astro}logy
78%
Animals{Zoo}logy
76%
Weather{Meteor}ology
71%
The Earth{Geo}logy
69%
The Mind{Psych}ology
69%
Religion{Theo}logy
66%
Dinosaurs and other
ancient life
{Paleo}ntology
65%
Earthquakes{Seism}ology
54%
Humans{Anthrop}ology
53%
Cocktails{Mix}ology
53%
Water{Hydro}logy
52%
The Environment{Eco}logy
50%
Family history{Genea}logy
45%
The Universe{Cosmo}logy
43%
Word origins{Etym}ology
41%
Birds{Ornith}ology
39%
Ancient cultures{Archaeo}logy
36%
Hair and beauty{Cosmet}ology
36%
China{Sin}ology
33%
Fungus{Myc}ology
20%
Excrement{Scat}ology
15%
Soviet government{Kremlin}ology
7%

Score Distribution

Percentile by Number Answered

Percent of People with Each Score

Your Score History

You have not taken this quiz since the last reset